LEADER 01194nam a2200277 a 4500 001 000000126849 003 CaOOAMICUS 005 20111111155954.0 008 111107s2007 it a u000 u ita r 040 $aPUL$bita 082 04$a035 100 1 $aCodeluppi, Vanni,$d1958-$0(OLS)http://pul/name/80928 245 10$aDalla corte alla strada :$bnatura ed evoluzione sociale della moda /$cVanni Codeluppi. 260 $aRoma :$bCarocci,$cİ2007. 300 $a142 p. :$bill. ;$c22 cm. 490 1 $aQuality paperbacks ;$v208 504 $aComprende riferimenti bibliografici ed indice. 650 4$aModa$xAspetti sociali e culturali.$0(OLS)http://pul/subject/37075 830 0$aQuality paperbacks (Carocci) ;$v208.$0(OLS)http://pul/title/103487 850 $aPUL 852 $aPUL$W1$xDP2 Cons. Gen., Altre Classi 3$y97$m035 COLL 1.208$j146674$qDDC 21$B145372$CPULBib$Z2$F145372 $H116220 $82 941 1 $a9 996 $6082$a035$9(OLS)http://pul/classification/471 996 $6245$aDalla corte alla strada :$bnatura ed evoluzione sociale della moda$9(OLS)http://pul/title/160247 996 $6260$aRoma :$bCarocci$9(OLS)http://pul/publisher/66917 LEADER 01226nam a2200277 a 4500 001 000000085821 003 CaOOAMICUS 005 20140117140931.0 008 050907s1948 it u000 u ita r 035 $a11059174 040 $aPUL(R)$bita 100 1 $aSuhard, Emmanuel,$ccard.,$d1874-1949.$0(OLS)http://pul/name/40883 245 10$aAgonia della chiesa? :$bgennaio 1948 primo quaderno di cronache sociali /$cEmmanuele Suhard. 260 $aRoma :$bEdizioni Servire,$c1948. 300 $a86 p. ;$c22 cm 500 $aNote bibliografiche. 650 4$aChiesa.$0(OLS)http://pul/subject/2116 650 4$aModernismo.$0(OLS)http://pul/subject/4140 850 $aPUL 852 $aPUL$W1$xDP1 Fondo Cecchetti$y53$m285 C 33$j109013$nBK-PRI$b $qFondi$B109013$CPULBib$Z2$F109013 $HPUL7980 $81 852 $aPUL$W1$xDP1 Fondo E. Rossi$y115$m3 A 340$j158092$a2. copia$qFondi$B157494$CPULBib$Z2$F157494 $82 941 1 $a1 961 $aSul dorso collocazione ms. di E. Rossi: CP 117 996 $6245$aAgonia della chiesa? :$bgennaio 1948 primo quaderno di cronache sociali$9(OLS)http://pul/title/111288 996 $6260$aRoma :$bEdizioni Servire$9(OLS)http://pul/publisher/77282